Soil fertility and fertilizers (Record no. 27316)
[ view plain ]
| 000 -LEADER | |
|---|---|
| fixed length control field | 00343nam a2200133Ia 4500 |
| 082 ## - DEWEY DECIMAL CLASSIFICATION NUMBER | |
| Classification number | 631.45 |
| Item number | TIS |
| 100 ## - MAIN ENTRY--AUTHOR NAME | |
| Personal name | Nelson, Werner L |
| 245 #0 - TITLE STATEMENT | |
| Title | Soil fertility and fertilizers |
| 260 ## - PUBLICATION, DISTRIBUTION, ETC. (IMPRINT) | |
| Place of publication | New York |
| Name of publisher | Macmillan |
| Year of publication | 1975 |
| 650 ## - SUBJECT ADDED ENTRY--TOPICAL TERM | |
| Topical Term | Soil fertility |
| 700 ## - ADDED ENTRY--PERSONAL NAME | |
| Personal name | Tisdale, Samuel L |
| 942 ## - ADDED ENTRY ELEMENTS (KOHA) | |
| Koha item type | Books |
| Withdrawn status | Lost status | Damaged status | Not for loan | Home library | Current library | Date acquired | Cost, normal purchase price | Full call number | Accession Number | Koha item type |
|---|---|---|---|---|---|---|---|---|---|---|
| RRII Library | RRII Library | 16/12/2021 | 6.50 | 631.45 TIS | 07943 | Books |